| 000 | 01034nam a2200265 i 4500 | ||
|---|---|---|---|
| 001 | 190752 | ||
| 003 | ES-MaACL | ||
| 005 | 20240131123935.0 | ||
| 008 | 220627s2008 sp a 011 j spa | ||
| 020 | _a978-84-7960-389-2 | ||
| 080 | _a087.5:82-34(082.2) | ||
| 245 | 0 | 0 |
_aHomenaje a los niños de 1808 / _ccoordinación, Sara Moreno Valcárcel ; [textos, Marilar Aleixandre ... et al. ; ilustraciones, Ignasi Blanch ... et al.]. |
| 250 | _a1ª ed. | ||
| 260 |
_aMadrid : _bEdiciones de la Torre, _c2008. |
||
| 300 |
_a223 p. : _bil. col. y n. ; _c24 x 25 cm. |
||
| 650 | 4 |
_aCuentos infantiles. _9135854 |
|
| 650 | 4 |
_aCuentos- _vLibros infantiles. _911478 |
|
| 650 | 4 |
_aCuentos españoles- _yS.XX. _911487 |
|
| 700 | 1 |
_aMoreno Valcárcel, Sara. _9174700 |
|
| 700 | 1 |
_aAleixandre, Marilar, _d1947- _9174701 |
|
| 700 | 1 |
_aBlanch, Ignasi ( _d1964-) _9174702 |
|
| 852 | 4 |
_aES-MaACL _jA-14958 _9 197934 _bR.152506 _cDEPO1 _dOlim: N-7958 _hDonación: Editorial _x Encuadernación en tela azul |
|
| 942 | _2udc | ||
| 999 |
_c190752 _d190752 |
||